| 000 | 00645nam a2200193 a 4500 | ||
|---|---|---|---|
| 001 | Rebiun09589492 | ||
| 003 | AR-RoIUNI | ||
| 005 | 20190122141933.0 | ||
| 008 | 141125s1995 it a||| |||| 000 0 ita|c | ||
| 020 | _a9788877152015 | ||
| 040 | _cIUNIR | ||
| 080 | _a811.131.1 LIT | ||
| 245 | 1 | 2 |
_aL'Italiano e l'Italia _bPrimo volume : lingua e civiláa italiana per stranieri : livello medio e superiore : esercizi e prove per la certificazione / _cMarcello Silvestrini...[et al.] |
| 260 |
_aPerugia _bGuerra _c1995 |
||
| 300 |
_a321 p. : _bil. ; _c25 cm |
||
| 650 | 1 | 0 |
_aItaliano _xLengua _9544 |
| 700 | 1 | _aSilvestrini, Marcello | |
| 942 |
_2cdu _cBK |
||
| 999 |
_c3784 _d3784 |
||